|
|
|
|
| LEADER |
00000nab a2200000 a 4500 |
| 001 |
vtls000920127 |
| 003 |
SK-MaSNL |
| 005 |
20260303033850.0 |
| 008 |
040720e19910306xo 0 slo |
| 035 |
|
|
|a KE29004
|
| 040 |
|
|
|a KEVKJB
|b slo
|c KEVKJB
|e AACR2
|
| 041 |
0 |
|
|a slo
|
| 044 |
|
|
|a xo
|c SK
|
| 080 |
|
|
|a 796.342
|2 1981
|
| 100 |
0 |
|
|a (pem)
|4 aut
|9 887633
|
| 245 |
1 |
0 |
|a Úspešnosť jednotlivcov
|
| 611 |
1 |
7 |
|a majstrovstvá okresné stolnotenisové
|2 KEVKJB
|9 1018257
|
| 650 |
0 |
7 |
|a stolný tenis
|2 KEVKJB
|9 25562
|
| 650 |
0 |
7 |
|a výsledky konečné
|2 KEVKJB
|9 873495
|
| 650 |
0 |
7 |
|a informácie
|2 KEVKJB
|9 1285
|
| 651 |
|
7 |
|a KS,
|2 KEVKJB
|9 880381
|
| 655 |
|
7 |
|a periodikum
|2 snkbucl
|9 29553
|
| 773 |
0 |
8 |
|t Vidiek
|g Roč. 1
|g Roč. 28, č.5, 6.3.1991, s. 4
|
| 852 |
|
|
|a ZVYKNI
|b KIS3GCP
|
| 999 |
|
|
|c 1671613
|d 1673543
|